Countries with embassies and consulates in Cambodia - Statistics

General Stats
  • This quiz has been taken 59 times
  • The average score is 25 of 29
Answer Stats
Continent Country % Correct
Asia Japan
100%
Europe United Kingdom
100%
Asia Vietnam
100%
Asia China
98%
Europe France
98%
Asia Indonesia
98%
Asia Malaysia
98%
Asia/ Europe Russia
98%
Asia South Korea
98%
Oceania Australia
96%
North America Canada
96%
Europe Germany
96%
Asia Thailand
96%
North America United States of America
96%
Asia India
94%
Asia/ Europe Turkey
94%
Asia Laos
93%
Asia Singapore
89%
Asia Pakistan
87%
Asia the Philippines
83%
Asia North Korea
81%
North America Cuba
80%
Asia Myanmar
78%
Europe Sweden
74%
Asia Brunei
70%
Asia Timor Leste
56%
Europe Bulgaria
44%
Europe Czech Republic
44%
Asia Kuwait
44%
No matching quizzes found
Score Distribution
Percent of People with Each Score
Percentile by Number Answered
Your Score History
You have not taken this quiz